• 首页
  • 本馆介绍
  • 公告通知
  • 最新文献
  • 馆藏检索
  • 电子资源
  • 读者导购
  • 参考咨询
  • 我的图书馆
  • 登录
  • 详细信息显示
  • 放入我的书架
  • 预约/预借图书
  • 作者相关作品
  • 分类相关作品
  • 丛书相关作品
  • 出版社相关作品

书目信息

  • 表格格式
  • 工作单格式
  • 卡片格式
题名:
萜类化合物
    
 
作者: 杨峻山 主编
分册:  
出版信息: 北京   化学工业出版社  2005
页数: 321页
开本: 26cm
丛书名: 实用天然产物手册
单 册:
中图分类: O629.6-62
科图分类:
主题词: 萜类化合物--手册 , 萜类化合物
电子资源:
ISBN: 7-5025-6583-3
000 00997oam2 2200277 450
001 002917720
005 20080225094224.00
010    @a7-5025-6583-3@dCNY48.00
035    @a002917720
100    @a20050712d2005 em y0chiy0110 ea
101 0  @achi
102    @aCN@b110000
105    @ay z 001yy
106    @ar
200 1  @a萜类化合物@Atie lei hua he wu@f杨峻山主编
210    @a北京@c化学工业出版社@d2005
215    @a321页@d26cm
225 2  @a实用天然产物手册
330    @a本书收集了具有实用价值的纯天然萜类化合物共730多个,按照单萜、环烯醚萜、倍半萜、二萜、三萜和多萜的顺序加以编排,每个化合物都详细介绍了它的中文名称、英文名称、化学名、结构式、分子式、相对分子质量、理化常数及光谱数据、来源、生物活性与毒性、实用价值以及参考文献等。
461  0 @1001002797501@12001 @a实用天然产物手册
606 0  @a萜类化合物@j手册
606 0  @a萜类化合物
690    @aO629.6-62@v4
701  0 @a杨峻山@Ayang jun shan@c(自然资源)@4主编
801  0 @aCN@bNLC@c20080225
905    @dO629.6-62@e7@f4
    
    萜类化合物/杨峻山主编.-北京:化学工业出版社,2005
    321页;26cm.-(实用天然产物手册)
    
    
    ISBN 7-5025-6583-3:CNY48.00
    本书收集了具有实用价值的纯天然萜类化合物共730多个,按照单萜、环烯醚萜、倍半萜、二萜、三萜和多萜的顺序加以编排,每个化合物都详细介绍了它的中文名称、英文名称、化学名、结构式、分子式、相对分子质量、理化常数及光谱数据、来源、生物活性与毒性、实用价值以及参考文献等。
●
相关链接 在E读中查询图书 在五车中查询图书 在当当中查询图书 在豆瓣中查询图书


正题名:萜类化合物     索取号:O629.6-62/7         预约/预借

序号 登录号 条形码 馆藏地/架位号 状态 备注
1 0614796   206147962   第二样本阅览室/ [索取号:O629.6-62/7] 在馆    
2 0614797   206147971   第三借阅区/ [索取号:O629.6-62/7] 在馆    
3 0614798   206147980   第三借阅区/ [索取号:O629.6-62/7] 在馆    
4 0614799   206147999   第三借阅区/ [索取号:O629.6-62/7] 在馆    
唐山师范学院图书馆 欢迎您!
大连网信软件有限公司© 版权所有